The little book of big primes /
Guardado en:
| Autor Principal: | |
|---|---|
| Formato: | Libro |
| Idioma: | English |
| Publicado: |
New York :
Springer-Verlag,
c1991.
|
| Materias: | |
| Etiquetas: |
Agregar Etiqueta
Sin Etiquetas, Sea el primero en etiquetar este registro!
|
| LEADER | 00890pam a2200241 a 4500 | ||
|---|---|---|---|
| 001 | MAT.inmabb003252 | ||
| 008 | 901116s1991####nyu######b####001#0#eng## | ||
| 005 | 20130228104717.0 | ||
| 245 | 1 | 4 | |a The little book of big primes / |c Paulo Ribenboim. |
| 260 | |a New York : |b Springer-Verlag, |c c1991. | ||
| 300 | |a xvii, 237 p. ; |c 24 cm. | ||
| 500 | |a Versión abreviada de la obra del autor The book of prime number records. 2nd ed. Springer, 1989. | ||
| 504 | |a Incluye referencias bibliográficas (p. [195]-221) e índices. | ||
| 510 | 4 | |a MR, |c 92i:11008 | |
| 020 | |a 038797508X (New York) | ||
| 020 | |a 354097508X (Berlin) | ||
| 100 | 1 | |a Ribenboim, Paulo. | |
| 700 | 1 | |a Ribenboim, Paulo. |t Book of prime number records. |4 ant | |
| 650 | 0 | |a Numbers, Prime. | |
| 084 | |a 11A41 (01A99 11A51 11N05) |2 msc2000 | ||
| 010 | |a 90025061 | ||
| 040 | |a DLC |c DLC |d DLC | ||
| 859 | |h 11 |i R484l |p A-6846 |b BIB. MATEMATICA | ||
